The book of why: The new science of cause and effect (Record no. 1312942)

MARC details
000 -LEADER
fixed length control field 01150nam a2200229 4500
005 - DATE AND TIME OF LATEST TRANSACTION
control field 20250507102231.0
008 - FIXED-LENGTH DATA ELEMENTS--GENERAL INFORMATION
fixed length control field 250507b |||||||| |||| 00| 0 eng d
020 ## - INTERNATIONAL STANDARD BOOK NUMBER
International Standard Book Number 9780141982410
037 ## - SOURCE OF ACQUISITION
Terms of availability Textual
040 ## - CATALOGING SOURCE
Original cataloging agency RTL
Transcribing agency RTL
084 ## - COLON CLASSIFICATION NUMBER
Classification number X:(B28) Q8
Assigning agency RTL
100 ## - MAIN ENTRY--PERSONAL NAME
Personal name Pearl, Judea
9 (RLIN) 751745
245 ## - TITLE STATEMENT
Title The book of why: The new science of cause and effect
260 ## - PUBLICATION, DISTRIBUTION, ETC.
Place of publication, distribution, etc. United Kingdom
Name of publisher, distributor, etc. Penguin random house
Date of publication, distribution, etc. 2018
300 ## - PHYSICAL DESCRIPTION
Extent xi 418 p.
520 ## - SUMMARY, ETC.
Summary, etc. The hugely influential book on how the understanding of causality revolutionized science and the world, by the pioneer of artificial intelligence 'Wonderful ... illuminating and fun to read' Daniel Kahneman, Nobel Prize-winner and author of Thinking, Fast and Slow 'Correlation does not imply causation.' For decades, this mantra was invoked by scientists in order to avoid taking positions as to whether one thing caused another, such as smoking and cancer, or carbon dioxide and global warming.
650 ## - SUBJECT ADDED ENTRY--TOPICAL TERM
Topical term or geographic name entry element Inference
650 ## - SUBJECT ADDED ENTRY--TOPICAL TERM
Topical term or geographic name entry element Causality
650 ## - SUBJECT ADDED ENTRY--TOPICAL TERM
Topical term or geographic name entry element Causal revolution
9 (RLIN) 754879
700 ## - ADDED ENTRY--PERSONAL NAME
Personal name Mackenzie, Dana
Relator term Co-author
9 (RLIN) 421698
942 ## - ADDED ENTRY ELEMENTS (KOHA)
Source of classification or shelving scheme Colon Classification (CC)
Suppress in OPAC No
Koha item type Textbook
Classification part X:(B28) Q8
Holdings
Withdrawn status Lost status Source of classification or shelving scheme Damaged status Not for loan Home library Current library Date acquired Total Checkouts Full call number Barcode Date last seen Price effective from Koha item type
    Colon Classification (CC)     Ratan Tata Library Ratan Tata Library 2025-05-07   X:(B28) Q9 RT1585201 2025-05-07 2025-05-07 Textbook
Copyright @ Delhi University Library System